000 00943nmm a2200325 a 4500
003 AR-BaBNM
005 20251128203028.0
008 237019s1970 ||||||||||||||000 | spa||
040 _cAR-BaBNM
100 1 _aKoop, O.W.
245 1 0 _aOrientaciones para maestros de escuela primaria
250 _a1ª ed.
260 _aMéxico, D.F.
_bLimusa-Wiley
_c1970
300 0 _a107 p.
_bdiagr., il.
504 _aBibliografía: p. 101-107
650 4 _aASESORAMIENTO DEL DOCENTE
650 4 _aCONSULTORES
650 4 _aTEORIAS DE LA ORIENTACION
650 4 _aORIENTACION PEDAGOGICA DE DOCENTES
650 4 _aPSICOLOGOS
650 4 _aTRABAJADORES SOCIALES
653 0 _aEDUCACION PRIMARIA
653 0 _aORIENTACION EDUCATIVA
653 0 _aGABINETES PSICOPEDAGOGICOS
700 1 _aMcNeff, Marie O.
700 1 _aMcNally, Harold J.
_eprologuista
700 1 _aCastillo Dibildox, Rafael
_etraductor
942 _cBK
998 _cSILVI
999 _c1578
_d1578